000 00885nam a2200205Ia 4500
003 IN-BaIIA
008 211028s9999 xx 000 0 eng d
020 _a1-886733-59-7
040 _cIIA Library
080 _a082.2:52
_bASP-139
111 _aGeneral Assembly of the International Astronomical Union
_n23rd
_cJapan
_d1997 Aug. 22-23
_922912
245 0 _aPreserving the astronomical windows
_bproceedings of the Joint discussion number 5 of the 23rd general assembly of the IAU held in Kyoto, Japan, 22-23 Aug 1997
_cedited by S. Isobe and Hirayama, T.
260 _aCalifornia
_bAstronomical Society of the Pacific
_c1998
300 _aiii, 243p.
490 _aASP conference series; v. 139
650 _aAstronomy
_980
700 _aIsobe, S., ed.
_922913
710 _aAstronomical Society of the Pacific
_91154
942 _cBK
999 _c13029
_d13029